000 00448nam a22001817a 4500
005 20220528111612.0
008 220528b ||||| |||| 00| 0 eng d
020 _a81859161004
040 _aIN-DiNC
_cIN-DiNC
041 _dasm
082 _a333.7
100 _aDas Dipali
_eauthor
245 _aEnvironmental Science A
_cby Dipali Das
250 _a2nd ed.
260 _aGuwahati
_bK.M. publishing
_c2012
300 _a218p.
942 _2ddc
_cBK
999 _c11305
_d11305